Biblioteca

Metamorfosis : Libros VI-X / Publio Ovidio Nasón ; traducción y notas por José Calos Fernández Corte & Josefa Cantó Llorca (Registro nro. 45086)

Detalles MARC
000 -LÍDER
Campo fijo de descripción fija 00961cam a2200301 i 4500
001 - NÚMERO DE CONTROL
Campo de control 18673
003 - IDENTIFICADOR DEL NÚMERO DE CONTROL
Campo de control CO-MdFUSB
005 - FECHA Y HORA DE LA ULTIMA TRANSACCIÓN
control field 20220813101028.0
008 - ELEMENTOS DE LONGITUD FIJA -- INFORMACIÓN GENERAL
Campo fijo de descripción fija -- Información general 220813t2012 sp |||| |||| 00| 0 spa d
020 ## - NÚMERO INTERNACIONAL NORMALIZADO PARA LIBROS
Número Internacional Normalizado del libro 978-84-249-2599-4
040 ## - FUENTE DE CATALOGACIÓN
Idioma de catalogación spa.
Agencia de catalogación original CO-MdFUSB
Agencia que realiza la transcripción CO-MdFUSB
Agencia que realiza la modificación CO-MdFUSB
Convenciones de la descripción rda
041 ## - CÓDIGO DE IDIOMA
Código de idioma para texto/pista de sonido o título separado spa
082 ## - NÚMERO DE CLASIFICACIÓN DECIMAL DEWEY
Número de clasificación O969m v.2
084 ## - OTHER CLASSIFICATION NUMBER
Assigning agency CO-MdFUSB
100 1# - ASIENTO PRINCIPAL--NOMBRE PERSONAL
Nombre personal Ovidio Nasón, Publio
Término relacionador Autor
245 10 - TÍTULO
Título del Material Metamorfosis : Libros VI-X / Publio Ovidio Nasón ; traducción y notas por José Calos Fernández Corte & Josefa Cantó Llorca
Mención de responsabilidad, etc. /
264 #1 - PRODUCCIÓN, PUBLICACIÓN, DISTRIBUCIÓN, MANUFACTURA, Y COPYRIGHT
Lugar de producción, publicación, distribución, manufactura España :
Nombre del productor, publicador, distribuidor Gredos,
Fecha de producción, publicación, distribución, manufactura, o copyright © 2012
264 #4 - PRODUCCIÓN, PUBLICACIÓN, DISTRIBUCIÓN, MANUFACTURA, Y COPYRIGHT
Fecha de producción, publicación, distribución, manufactura, o copyright © 2012
300 ## - DESCRIPCIÓN FÍSICA
Extensión 204 páginas
Dimensiones ;
336 ## - TIPO DE CONTENIDO
Fuente rdacontent
Término de tipo de contenido texto
Código de tipo de contenido txt
337 ## - TIPO DE MEDIO
Fuente rdamedia
Nombre del tipo de medio sin mediación
Código del tipo de medio n
338 ## - TIPO DE SOPORTE
Fuente rdacarrier
Nombre del tipo de soporte volumen
Código Tipo de soporte nc
501 ## - NOTA DE “CON”
Nota de Contenido pasta dura
505 ## - NOTA DE CONTENIDO
Nota de contenido con formato preestablecido Libro VI -- Libro VII -- Libro VIII -- Libro IX -- Libro X
650 14 - ASIENTO SECUNDARIO DE MATERIA - TERMINO TEMÁTICO
Término temático o nombre geográfico como elemento de entrada MITOLOGIA - CLASICOS \ OBRA CLASICA
942 ## - TIPO DE MATERIAL (KOHA)
Tipo de Item KOHA Libros General
945 ## - INFORMACIÓN LOCAL DEL REGISTRO
Catalogador estudiante
Existencias
Estado de Material Estado de Perdido Estado de Dañado No para Préstamo Colección Tomo Biblioteca de Origen Biblioteca Permanente Fecha de Adquisición Total de Préstamos Signatura Topográfica Código de Barras Última vez visto Ejemplar/Existencia Fecha de Remplazo Tipo de Material
        Colección de Referencia   Biblioteca FUSBC Biblioteca FUSBC 16/10/2014   R O969m v2 18658 12/12/2019 1 26/01/2016 Libros de Referencia

Biblioteca FUSBC | Teléfono: (57+4) 349 88 10 Ext. 141| WhatsApp (+57) 3005338115 
E-mail: biblioteca@unisbc.edu.co | Calle 76 87-14 Robledo Palenque, Medellín, Colombia

Con tecnología Koha